Soils : An introduction to soils and plant growth
The objectives of this book are: To help the student develop intellectual curiosity leading toward an understanding of the basic principles underlying soil science and their relationship to the growth of plants.
Guardat en:
| Autor principal: | |
|---|---|
| Format: | Llibre |
| Idioma: | Undetermined |
| Publicat: |
Englewood Cliffs, New Jersey
Prentice-Hall
1977
|
| Matèries: | |
| Etiquetes: |
Afegir etiqueta
Sense etiquetes, Sigues el primer a etiquetar aquest registre!
|
| Thư viện lưu trữ: | Trung tâm Học liệu Trường Đại học Cần Thơ |
|---|
| LEADER | 00762nam a2200205Ia 4500 | ||
|---|---|---|---|
| 001 | CTU_12399 | ||
| 008 | 210402s9999 xx 000 0 und d | ||
| 082 | |a 631.4 | ||
| 082 | |b D674 | ||
| 100 | |a Donahue, Roy L. | ||
| 245 | 0 | |a Soils : | |
| 245 | 3 | |b An introduction to soils and plant growth | |
| 245 | 0 | |c Roy L. Donahue | |
| 260 | |a Englewood Cliffs, New Jersey | ||
| 260 | |b Prentice-Hall | ||
| 260 | |c 1977 | ||
| 520 | |a The objectives of this book are: To help the student develop intellectual curiosity leading toward an understanding of the basic principles underlying soil science and their relationship to the growth of plants. | ||
| 650 | |a Land use, rural,Soil science | ||
| 904 | |i Minh | ||
| 980 | |a Trung tâm Học liệu Trường Đại học Cần Thơ | ||